|
|
|
|
| LEADER |
00000nab a2200000 a 4500 |
| 001 |
vtls000048358 |
| 003 |
SK-MaSNL |
| 005 |
20260304131538.0 |
| 008 |
250422c1979 xo 0 slo |
| 015 |
|
|
|a SNBRB19rr/mm-uuuuu
|
| 035 |
|
|
|a CL0058454
|
| 035 |
|
|
|a urn:nbn:sk:snk-ab6p84
|
| 035 |
|
|
|a (uuid)23f7a270-9380-4730-96b4-0501c8a37b55
|
| 035 |
|
|
|a (urnnbn)urn:nbn:sk:snk:ar-005q34
|
| 035 |
|
|
|a (sysno)vtls000048358
|
| 040 |
|
|
|a SNKBUCL
|b slo
|c SNKBUCL
|e AACR2
|
| 041 |
0 |
|
|a slo
|
| 044 |
|
|
|a xo
|c SK
|
| 080 |
|
|
|a 539
|2 1981
|
| 080 |
|
|
|a 620.1
|2 1981
|
| 100 |
1 |
|
|a Adamka, Jozef,
|d 1930-2000
|4 aut
|9 37243
|
| 245 |
1 |
0 |
|a Oteruvzdorné materiály na báze Fe-C-Cr-B
|c Jozef Adámka, Miroslav Proksa
|
| 300 |
|
|
|b Obr. 9. Tb. 5.
|
| 650 |
0 |
7 |
|a materiály oteruvzdorné
|2 snkbucl
|9 1344261
|
| 650 |
0 |
7 |
|a oteruvzdornosť
|2 snkbucl
|9 1223475
|
| 655 |
|
7 |
|a články z novín a časopisov
|2 snkbucl
|9 267496
|
| 700 |
1 |
|
|a Prokša, Miroslav,
|d 1954-
|4 aut
|9 375707
|
| 773 |
0 |
|
|t Zváranie
|g Roč. 28, č. 10 (1979), s. 294-298
|
| 850 |
|
|
|a Slovenská národná knižnica
|
| 852 |
|
|
|a Slovenská národná knižnica
|
| 954 |
|
|
|a odborná, vedecká literatúra pôvodná (slovenská)
|2 lita
|
| 958 |
|
|
|a article
|
| 958 |
|
|
|a OND
|
| 958 |
|
|
|a RK
|
| 958 |
|
|
|a EUIPO
|
| 992 |
|
|
|a RBX
|
| 999 |
|
|
|c 2729413
|d 2731343
|